Normal view
MARC view
Entry Topical Term
001 - CONTROL NUMBER
- control field: 27699
003 - CONTROL NUMBER IDENTIFIER
- control field: OSt
005 - DATE AND TIME OF LATEST TRANSACTION
- control field: 20210927115258.0
008 - FIXED-LENGTH DATA ELEMENTS
- fixed length control field: 210927|| aca||aabn | a|a d
040 ## - CATALOGING SOURCE
- Original cataloging agency: OSt
- Transcribing agency: OSt
150 ## - HEADING--TOPICAL TERM
- Topical term or geographic name entry element: Family communication, COVID-19, Communication ecology
670 ## - SOURCE DATA FOUND
- Source citation: Work cat.: (OSt): Hernandez, Rachael A. Colaner, Colleen 27698, “This is not the hill to die on. Even if we literally could die on this hill”: Examining communication ecologies of uncertainty and family communication about Covid-19
